Statistics for FIFA 18 Top 100 Players - Serie A

Click here to take the quiz!

General Stats

  • This quiz has been taken 188 times
  • The average score is 54 of 100

Answer Stats

Team Nation Position Answer % Correct
JuventusArgentinaSTHiguain
99%
JuventusItalyGKBuffon
98%
JuventusArgentinaCAMDybala
98%
JuventusItalyCBChiellini
97%
NapoliSlovakiaCMHamsik
96%
Inter MilanSloveniaGKHandanovic
95%
AC MilanItalyCBBonucci
94%
RomaBosniaSTDzeko
91%
NapoliBelgiumCFMertens
91%
JuventusGermanyCMKhedira
90%
JuventusBosniaCMPjanic
89%
NapoliItalyLWInsigne
89%
Inter MilanArgentinaSTIcardi
87%
JuventusBrazilLBAlex Sandro
85%
Inter MilanCroatiaLMPerisic
85%
JuventusMoroccoCBBenatia
84%
RomaBelgiumCMNainggolan
84%
JuventusFranceCDMMatuidi
83%
Inter MilanBrazilCBMiranda
82%
JuventusItalyCBBarzagli
81%
NapoliSenegalCBKoulibaly
81%
JuventusCroatiaSTMandzukic
80%
RomaGreeceCBManolas
78%
RomaItalyCDMDe Rossi
75%
JuventusItalyCMMarchisio
75%
JuventusColombiaRMCuadrado
75%
NapoliSpainRWJose Callejon
74%
LazioItalySTImmobile
74%
RomaNetherlandsCMStrootman
74%
TorinoItalySTBelotti
72%
Inter MilanPortugalCMJoao Mario
70%
AC MilanItalyGKDonnarumma
70%
NapoliSpainGKJose Reina
69%
AtalantaArgentinaCFGomez
68%
JuventusBrazilLMDouglas Costa
68%
LazioNetherlandsCBDe Vrij
65%
GenoaItalyGKPerin
63%
AC MilanArgentinaCDMBiglia
62%
NapoliSpainCBRaul Albiol
61%
AC MilanSwitzerlandLBRodriguez
59%
AC MilanSpainRWSuso
59%
RomaItalyRBFlorenzi
58%
Inter MilanCroatiaCMBrozovic
57%
JuventusGermanyCBHowedes
57%
JuventusSwitzerlandRBLichtsteiner
57%
LazioSerbiaCMMilinkovic-Savic
56%
LazioPortugalLWNani
55%
NapoliPolandSTMilik
54%
AC MilanPortugalSTAndre Silva
54%
LazioBrazilRWFelipe Anderson
53%
NapoliPolandCMZielinski
53%
RomaBrazilGKAlisson
52%
JuventusPolandGKSzczesny
52%
Inter MilanSpainCAMBorja Valero
52%
RomaArgentinaCBFazio
51%
JuventusItalyRMBernardeschi
50%
NapoliBrazilCMAllan
48%
AC MilanItalyCMBonaventura
48%
JuventusItalyCBRugani
47%
AC MilanCroatiaSTKalinic
46%
NapoliItalyCMJorginho
45%
Inter MilanItalyRMCandreva
44%
RomaItalyLWEl Shaarawy
44%
RomaArgentinaCFPerotti
43%
SassuoloItalyRWBerardi
43%
NapoliAlbaniaRBHysaj
43%
AC MilanArgentinaCBMusacchio
42%
RomaSerbiaLBKolarov
42%
FiorentinaItalyCBAstori
41%
LazioItalyCMParolo
39%
NapoliAlgeriaLBGhoulam
38%
Inter MilanPortugalRBJoao Cancelo
37%
AC MilanItalyCBRomagnoli
36%
AtalantaSloveniaCFIlicic
36%
TorinoSpainRWIago Falque
35%
AC MilanTurkeyLMCalhanoglu
34%
TorinoItalyGKSirigu
34%
SassuoloItalyCBAcerbi
34%
LazioItalyGKMarchetti
34%
SampdoriaItalyGKViviano
31%
SassuoloItalyGKConsigli
31%
LazioRomaniaLBRadu
30%
LazioSerbiaRBBasta
29%
LazioBrazilCDMLucas Leiva
29%
Chievo VeronaSloveniaCAMBirsa
28%
NapoliSerbiaCBMaksimovic
26%
Inter MilanItalySTEder
26%
RomaFranceCDMGonalons
25%
Chievo VeronaItalyGKSorrentino
22%
RomaMexicoCBMoreno
22%
TorinoSerbiaLWLjajic
20%
BolognaItalyGKMirante
19%
TorinoArgentinaLBAnsaldi
17%
FiorentinaItalyCMBenassi
14%
NapoliItalyCBTonelli
12%
TorinoItalyCMBaselli
12%
AC MilanItalyCBPaletta
12%
UdineseBrazilCBDanilo
11%
FiorentinaItalyCAMSaponara
9%
LazioBrazilCBMauricio
5%

Score Distribution

Percentile by Number Answered

Percent of People with Each Score

Your Score History

You have not taken this quiz